[Event "MCR_KT11"]
[Site "?"]
[Date "2005.??.??"]
[Round "?"]
[White "Svoboda, Frantisek"]
[Black "Lucan, Zdeno"]
[Result "1-0"]
[WhiteElo "2000"]
[BlackElo "1559"]
[PlyCount "61"]
[EventDate "2005.??.??"]
[EventType "corr"]
[EventRounds "2"]
[SourceDate "2005.10.20"]

1. e4 c6 2. d4 d5 3. exd5 cxd5 4. Bd3 Nc6 5. c3 Nf6 6. Bf4 g6 7. Nd2 Bg7 8.
Ngf3 O-O 9. h3 Nh5 10. Bh2 e5 11. Nxe5 Nxe5 12. dxe5 Be6 13. Nf3 Bh6 14. g4 Nf4
15. g5 Nxd3+ 16. Qxd3 Bxg5 17. Bg3 Bf5 18. Qe2 Be4 19. h4 Bxf3 20. Qxf3 Be7 21.
O-O-O f6 22. Rxd5 Qb6 23. Rd7 Ba3 24. bxa3 Qc6 25. Qxc6 bxc6 26. e6 Rae8 27. e7
Rf7 28. Re1 h5 29. Rd8 Rfxe7 30. Rxe8+ Rxe8 31. Rxe8+ 1-0

[Event "MCR_KT11"]
[Site "?"]
[Date "2005.??.??"]
[Round "?"]
[White "Kudr, Roman"]
[Black "Kubacek, Josef"]
[Result "1-0"]
[WhiteElo "1987"]
[BlackElo "1600"]
[PlyCount "63"]
[EventDate "2005.??.??"]
[EventType "corr"]
[EventRounds "2"]
[SourceDate "2005.10.20"]

1. d4 e5 2. e4 exd4 3. Qxd4 Nc6 4. Qd1 d6 5. c4 f5 6. exf5 Bxf5 7. Nf3 Be7 8.
Bd3 Qd7 9. Nc3 Nb4 10. Bxf5 Qxf5 11. Qa4+ Nc6 12. Nd4 Qa5 13. Nxc6 Qxa4 14.
Nxa4 bxc6 15. Be3 Bf6 16. g4 g6 17. O-O-O Ne7 18. Rde1 Kf7 19. Re2 Nc8 20. g5
Bg7 21. Rhe1 Re8 22. b3 Nb6 23. Nb2 c5 24. Nd3 Re7 25. Bd2 Rae8 26. Kd1 Rxe2
27. Rxe2 Rxe2 28. Kxe2 Ke6 29. h3 Kf5 30. f4 Ke4 31. Nf2+ Kd4 32. Ba5 1-0

[Event "MCR_KT11"]
[Site "?"]
[Date "2005.??.??"]
[Round "?"]
[White "Lucan, Zdeno"]
[Black "Vins, Karel"]
[Result "1/2-1/2"]
[WhiteElo "1559"]
[BlackElo "1621"]
[PlyCount "33"]
[EventDate "2005.??.??"]
[EventType "corr"]
[EventRounds "2"]
[SourceDate "2005.10.20"]

1. Nf3 d5 2. g3 g6 3. Bg2 Bg7 4. d4 c6 5. O-O e6 6. b3 b5 7. Bb2 Nd7 8. a3 f5
9. c3 e5 10. dxe5 Nxe5 11. Nxe5 Bxe5 12. f4 Bg7 13. b4 Nf6 14. Nd2 Ne4 15. Nxe4
fxe4 16. e3 h5 17. h4 1/2-1/2

[Event "MCR_KT11"]
[Site "?"]
[Date "2005.??.??"]
[Round "?"]
[White "Svoboda, Frantisek"]
[Black "Kudr, Roman"]
[Result "0-1"]
[WhiteElo "2000"]
[BlackElo "1987"]
[PlyCount "68"]
[EventDate "2005.??.??"]
[EventType "corr"]
[EventRounds "2"]
[SourceDate "2005.10.20"]

1. Nc3 c5 2. Nf3 Nf6 3. d4 d5 4. dxc5 Nc6 5. Bg5 d4 6. Na4 Qa5+ 7. c3 b5 8. b4
Qxa4 9. Qxa4 bxa4 10. b5 Ne4 11. bxc6 dxc3 12. c7 Ba6 13. e3 Bxf1 14. Rxf1 Rc8
15. Bf4 f6 16. Ke2 e5 17. Bg3 Bxc5 18. Rab1 Ke7 19. Kd3 Nxg3 20. hxg3 Rxc7 21.
Kc2 Rd8 22. Rfd1 Rxd1 23. Rxd1 Bb4 24. Ng1 h5 25. Ne2 Ke6 26. e4 g6 27. Rd8 f5
28. exf5+ gxf5 29. Rh8 Kf6 30. Rd8 Rb7 31. Rd1 Ba5 32. Rd6+ Ke7 33. Ra6 Rb2+
34. Kd1 Rd2+ 0-1

[Event "MCR_KT11"]
[Site "?"]
[Date "2005.??.??"]
[Round "?"]
[White "Kudr, Roman"]
[Black "Lucan, Zdeno"]
[Result "1-0"]
[WhiteElo "1987"]
[BlackElo "1559"]
[PlyCount "63"]
[EventDate "2005.??.??"]
[EventType "corr"]
[EventRounds "2"]
[SourceDate "2005.10.20"]

1. d4 Nf6 2. c4 g6 3. Nc3 Bg7 4. e4 d6 5. f3 O-O 6. Be3 c6 7. Bd3 Na6 8. a3 Nc7
9. Nge2 Bd7 10. O-O e5 11. d5 c5 12. b4 b6 13. Rb1 Rb8 14. Qd2 a6 15. Rb2 cxb4
16. axb4 b5 17. c5 dxc5 18. bxc5 Bc8 19. Rd1 b4 20. Na4 Na8 21. Rxb4 Rxb4 22.
Qxb4 a5 23. Qb8 Bd7 24. Qxd8 Rxd8 25. c6 Be8 26. Nb6 Nxb6 27. Bxb6 Ra8 28. Bb5
Bf8 29. Bc7 Bb4 30. Bxe5 Bc5+ 31. Kf1 g5 32. Bxf6 1-0

[Event "MCR_KT11"]
[Site "?"]
[Date "2005.??.??"]
[Round "?"]
[White "Vins, Karel"]
[Black "Kubacek, Josef"]
[Result "0-1"]
[WhiteElo "1621"]
[BlackElo "1600"]
[PlyCount "106"]
[EventDate "2005.??.??"]
[EventType "corr"]
[EventRounds "2"]
[SourceDate "2005.10.20"]

1. d4 e5 2. dxe5 Nc6 3. b3 Nxe5 4. Bb2 Ng6 5. e4 d6 6. Bc4 c6 7. Qf3 Nf6 8.
Bxf6 gxf6 9. Nd2 b5 10. Bd3 Qe7 11. Ne2 Bh6 12. g3 Qe5 13. Rd1 Ke7 14. c3 a5
15. Nb1 Qc5 16. Nd4 Ne5 17. Qe2 b4 18. Nf5+ Bxf5 19. exf5 Kd8 20. O-O Nxd3 21.
Qxd3 Kc7 22. Rfe1 Bf8 23. Rd2 bxc3 24. Nxc3 d5 25. Rc2 Kb7 26. Na4 Qb4 27. Rec1
Rc8 28. Nc3 Bh6 29. Re1 Bf8 30. Rd1 Rd8 31. Ne2 Bh6 32. Qc3 Qxc3 33. Rxc3 Rc8
34. f4 Rc7 35. Rdc1 Rhc8 36. Kf2 Bf8 37. Rb1 Ka6 38. Rc2 Kb5 39. Nc3+ Kb6 40.
a4 Bb4 41. Ne2 Re8 42. Nc1 Bc5+ 43. Kf1 Re3 44. Re2 Rce7 45. Rxe3 Rxe3 46. Ne2
Rf3+ 47. Ke1 Bb4+ 48. Kd1 Rf1+ 49. Kc2 Rf2 50. Kd3 Rxh2 51. Ke3 Bc5+ 52. Kd3 h5
53. Rf1 Bf2 0-1

[Event "MCR_KT11"]
[Site "?"]
[Date "2005.??.??"]
[Round "?"]
[White "Lucan, Zdeno"]
[Black "Kubacek, Josef"]
[Result "1/2-1/2"]
[WhiteElo "1559"]
[BlackElo "1600"]
[PlyCount "59"]
[EventDate "2005.??.??"]
[EventType "corr"]
[EventRounds "2"]
[SourceDate "2005.10.20"]

1. e4 e6 2. d4 d5 3. Nc3 Bb4 4. e5 c5 5. a3 Bxc3+ 6. bxc3 Ne7 7. dxc5 Nd7 8.
Nf3 Nxc5 9. Bb5+ Bd7 10. Be2 Qa5 11. Bb2 Bb5 12. Bxb5+ Qxb5 13. Bc1 Ne4 14. Qd3
Qxd3 15. cxd3 Nc5 16. d4 Nd3+ 17. Ke2 Nxc1+ 18. Rhxc1 h6 19. c4 dxc4 20. Rxc4
Kd7 21. Rac1 Rhc8 22. Rxc8 Rxc8 23. Rxc8 Kxc8 24. Kd3 b5 25. Nd2 Kd7 26. g4 Kc6
27. Ke4 Nd5 28. Nb1 g5 29. h3 a6 30. f3 1/2-1/2

[Event "MCR_KT11"]
[Site "?"]
[Date "2005.??.??"]
[Round "?"]
[White "Svoboda, Frantisek"]
[Black "Vins, Karel"]
[Result "1-0"]
[WhiteElo "2000"]
[BlackElo "1621"]
[PlyCount "71"]
[EventDate "2005.??.??"]
[EventType "corr"]
[EventRounds "2"]
[SourceDate "2005.10.20"]

1. g3 d5 2. Nf3 g6 3. Bg2 Bg7 4. d3 c6 5. Nc3 e5 6. Bg5 f6 7. Bd2 Be6 8. Qc1
Ne7 9. e4 d4 10. Ne2 Nd7 11. O-O h6 12. b4 b5 13. Ne1 g5 14. c3 dxc3 15. Bxc3
a6 16. Nc2 O-O 17. Ne3 Rc8 18. d4 exd4 19. Nxd4 Bf7 20. Bh3 Rc7 21. Rd1 Qe8 22.
Ne6 Bxe6 23. Bxe6+ Kh8 24. Qd2 Nb8 25. f3 Ng6 26. Qd6 Qe7 27. Nf5 Qxd6 28. Rxd6
Rb7 29. Rad1 Kh7 30. Kf2 Ne5 31. Bxe5 fxe5 32. Nxg7 Kxg7 33. Bf5 Rf6 34. Rxf6
Kxf6 35. Rd6+ Kg7 36. Rg6+ 1-0

[Event "MCR_KT11"]
[Site "?"]
[Date "2005.??.??"]
[Round "?"]
[White "Vins, Karel"]
[Black "Kudr, Roman"]
[Result "0-1"]
[WhiteElo "1621"]
[BlackElo "1987"]
[PlyCount "56"]
[EventDate "2005.??.??"]
[EventType "corr"]
[EventRounds "2"]
[SourceDate "2005.10.20"]

1. d4 d5 2. g3 Bf5 3. Bg2 e6 4. c3 c5 5. e3 Nf6 6. Ne2 Nc6 7. Nd2 Rc8 8. dxc5
Bxc5 9. Nf3 O-O 10. Nfd4 Nxd4 11. exd4 Bd6 12. Be3 Qb6 13. Qd2 Ne4 14. Qc1 Qa6
15. f3 Nf6 16. Kf2 b5 17. a3 Qc6 18. h3 h6 19. g4 Bg6 20. Qd2 Nd7 21. f4 Nb6
22. b3 a5 23. Rhc1 a4 24. b4 Nc4 25. Qd1 Nb2 26. Qd2 Nd3+ 27. Kf1 Nxc1 28. Rxc1
Qc4 0-1

[Event "MCR_KT11"]
[Site "?"]
[Date "2005.??.??"]
[Round "?"]
[White "Kubacek, Josef"]
[Black "Svoboda, Frantisek"]
[Result "0-1"]
[WhiteElo "1600"]
[BlackElo "2000"]
[PlyCount "100"]
[EventDate "2005.??.??"]
[EventType "corr"]
[EventRounds "2"]
[SourceDate "2005.10.20"]

1. e4 Nc6 2. f4 d5 3. exd5 Qxd5 4. Nc3 Qe6+ 5. Kf2 Nf6 6. Nf3 g6 7. h3 Bg7 8.
d4 Ne4+ 9. Nxe4 Qxe4 10. c3 Bf5 11. Ne1 O-O-O 12. Bd3 Qd5 13. Bxf5+ Qxf5 14.
Qg4 e6 15. Qxf5 exf5 16. Nf3 Rhe8 17. Bd2 f6 18. g4 Ne7 19. Rae1 Bh6 20. Re2
Nd5 21. Rxe8 Rxe8 22. g5 fxg5 23. Nxg5 Re7 24. h4 Nf6 25. Kf3 Bxg5 26. hxg5 Ne4
27. Be3 b5 28. a4 a6 29. axb5 axb5 30. Rc1 h5 31. gxh6 Rh7 32. Rh1 Kd7 33. Rh3
Nf6 34. b3 Nh5 35. Rh2 Rxh6 36. Rg2 Nf6 37. c4 Rh3+ 38. Rg3 Rxg3+ 39. Kxg3 Ne4+
40. Kf3 Nd6 41. c5 Ne4 42. Ke2 Ke6 43. Kd3 Kd5 44. Bc1 Nf6 45. Bd2 Nh5 46. Bc1
Ng7 47. Bb2 b4 48. Bc1 Ne6 49. Bd2 Nxd4 50. Bxb4 c6 0-1

[Event "MCR_KT11"]
[Site "?"]
[Date "2005.??.??"]
[Round "?"]
[White "Lucan, Zdeno"]
[Black "Svoboda, Frantisek"]
[Result "0-1"]
[WhiteElo "1559"]
[BlackElo "2000"]
[PlyCount "84"]
[EventDate "2005.??.??"]
[EventType "corr"]
[EventRounds "2"]
[SourceDate "2005.10.20"]

1. Nf3 Nc6 2. e4 f5 3. exf5 d5 4. Bd3 Nb4 5. Bb5+ c6 6. Ba4 Bxf5 7. a3 Na6 8.
c3 Nf6 9. O-O Qd6 10. Bc2 Bxc2 11. Qxc2 e5 12. Re1 e4 13. d3 O-O-O 14. dxe4
Nxe4 15. Nbd2 Nac5 16. Nxe4 Nxe4 17. Bg5 Re8 18. Be3 Qc7 19. Nd4 Bd6 20. g3
Rhf8 21. Rf1 g5 22. c4 dxc4 23. Qxc4 Qf7 24. Qxf7 Rxf7 25. Rad1 g4 26. Ne2 b6
27. Bf4 Bxf4 28. Nxf4 Kb7 29. Rde1 Rfe7 30. h4 Nd2 31. Rxe7+ Rxe7 32. Rd1 Nf3+
33. Kg2 Ka6 34. Rc1 Kb5 35. Nh5 Re5 36. Nf4 c5 37. Nd3 Re4 38. b3 h5 39. Nf4
Nxh4+ 40. gxh4 Rxf4 41. Kg3 Rf3+ 42. Kg2 Rxb3 0-1

[Event "MCR_KT11"]
[Site "?"]
[Date "2005.??.??"]
[Round "?"]
[White "Kubacek, Josef"]
[Black "Kudr, Roman"]
[Result "0-1"]
[WhiteElo "1600"]
[BlackElo "1987"]
[PlyCount "36"]
[EventDate "2005.??.??"]
[EventType "corr"]
[EventRounds "2"]
[SourceDate "2005.10.20"]

1. e4 c6 2. d4 d5 3. Nd2 dxe4 4. Nxe4 Nd7 5. Nf3 Ngf6 6. Ng3 e6 7. Be3 Nd5 8.
Qd2 N7f6 9. Ne5 Bd6 10. h3 O-O 11. O-O-O Qc7 12. Bg5 c5 13. Bxf6 Nxf6 14. Re1
Rd8 15. Qe3 cxd4 16. Qxd4 Qa5 17. Bc4 Bb4 18. Qe3 Bd2+ 0-1

[Event "MCR_KT11"]
[Site "?"]
[Date "2005.??.??"]
[Round "?"]
[White "Vins, Karel"]
[Black "Lucan, Zdeno"]
[Result "1/2-1/2"]
[WhiteElo "1621"]
[BlackElo "1559"]
[PlyCount "40"]
[EventDate "2005.??.??"]
[EventType "corr"]
[EventRounds "2"]
[SourceDate "2005.10.20"]

1. d4 Nf6 2. c4 g6 3. Nc3 Bg7 4. g3 O-O 5. Bg2 e6 6. e4 d6 7. Nge2 c6 8. h3 Bd7
9. Be3 Na6 10. a3 Nc7 11. f3 b5 12. cxb5 Nxb5 13. Nxb5 cxb5 14. Rb1 Rb8 15. b4
a6 16. O-O Re8 17. Rc1 Rc8 18. Qd2 Bc6 19. Rc2 e5 20. d5 Bb7 1/2-1/2

[Event "MCR_KT11"]
[Site "?"]
[Date "2005.??.??"]
[Round "?"]
[White "Kudr, Roman"]
[Black "Svoboda, Frantisek"]
[Result "1-0"]
[WhiteElo "1987"]
[BlackElo "2000"]
[PlyCount "57"]
[EventDate "2005.??.??"]
[EventType "corr"]
[EventRounds "2"]
[SourceDate "2005.10.20"]

1. d4 d5 2. Nf3 Nc6 3. Bf4 Bg4 4. e3 e6 5. c3 Bd6 6. Bxd6 cxd6 7. Nbd2 Nf6 8.
h3 Bxf3 9. Qxf3 O-O 10. Be2 Rc8 11. O-O Na5 12. b4 Nc6 13. Rfc1 e5 14. a4 Qd7
15. a5 b6 16. Nb3 Ne4 17. axb6 axb6 18. b5 Na7 19. c4 f5 20. Ra2 g5 21. Qh5 Qg7
22. dxe5 dxe5 23. cxd5 Rcd8 24. Nd2 Nc5 25. Nc4 Rf6 26. Nxb6 Ne4 27. Rca1 Rf7
28. d6 Nxd6 29. Rxa7 1-0

[Event "MCR_KT11"]
[Site "?"]
[Date "2005.??.??"]
[Round "?"]
[White "Lucan, Zdeno"]
[Black "Kudr, Roman"]
[Result "0-1"]
[WhiteElo "1559"]
[BlackElo "1987"]
[PlyCount "50"]
[EventDate "2005.??.??"]
[EventType "corr"]
[EventRounds "2"]
[SourceDate "2005.10.20"]

1. e4 c6 2. d4 d5 3. Nc3 dxe4 4. Nxe4 Nd7 5. Nf3 Ngf6 6. Nxf6+ Nxf6 7. Bg5 Qb6
8. Bxf6 exf6 9. Qe2+ Be6 10. c3 O-O-O 11. Qc2 Re8 12. Be2 Bc4 13. Ng1 Bd6 14.
b3 Bxe2 15. Nxe2 Qb5 16. Kd1 Qd5 17. f3 Re3 18. c4 Qh5 19. h3 Rhe8 20. Nc3 Bb4
21. Ne2 Qg5 22. g4 Rxe2 23. Qxe2 Rxe2 24. Kxe2 Qd2+ 25. Kf1 Bc3 0-1

[Event "MCR_KT11"]
[Site "?"]
[Date "2005.??.??"]
[Round "?"]
[White "Kubacek, Josef"]
[Black "Vins, Karel"]
[Result "1-0"]
[WhiteElo "1600"]
[BlackElo "1621"]
[PlyCount "79"]
[EventDate "2005.??.??"]
[EventType "corr"]
[EventRounds "2"]
[SourceDate "2005.10.20"]

1. e4 e5 2. f4 exf4 3. Nc3 Qh4+ 4. Ke2 c6 5. Nf3 Qh5 6. d4 g5 7. h4 d6 8. Kf2
g4 9. Ne1 Bh6 10. Nd3 g3+ 11. Ke1 Qxd1+ 12. Kxd1 Ne7 13. Be2 Rg8 14. h5 d5 15.
Bxf4 Bxf4 16. Nxf4 Be6 17. Kd2 Nd7 18. exd5 Nxd5 19. Nfxd5 Bxd5 20. Nxd5 cxd5
21. Rhf1 h6 22. Rf5 Nb6 23. Raf1 Rg7 24. Rf6 Ke7 25. Rxh6 Rf8 26. Rhf6 Rg5 27.
b3 Nd7 28. R6f5 Rg7 29. Rxd5 f6 30. Rdf5 b6 31. Bb5 Nb8 32. Re1+ Kd6 33. Re8
Rxe8 34. Bxe8 Ke7 35. Bg6 Nc6 36. c3 Nd8 37. Rf3 Nf7 38. Rxg3 Ng5 39. Re3+ Kd7
40. g4 1-0

[Event "MCR_KT11"]
[Site "?"]
[Date "2005.??.??"]
[Round "?"]
[White "Kubacek, Josef"]
[Black "Lucan, Zdeno"]
[Result "1/2-1/2"]
[WhiteElo "1600"]
[BlackElo "1559"]
[PlyCount "48"]
[EventDate "2005.??.??"]
[EventType "corr"]
[EventRounds "2"]
[SourceDate "2005.10.20"]

1. d4 Nf6 2. Nf3 e6 3. c4 Be7 4. g3 d6 5. Bg2 Nbd7 6. Nc3 O-O 7. e4 c6 8. O-O
a6 9. a4 b6 10. b3 Rb8 11. d5 cxd5 12. exd5 e5 13. Ng5 h6 14. Nge4 Nxe4 15.
Nxe4 Nc5 16. f4 Nxe4 17. Bxe4 f5 18. Bg2 Bf6 19. Bb2 e4 20. Bxf6 Qxf6 21. Qd2
a5 22. Rfd1 Re8 23. Qd4 Qe7 24. Re1 Bd7 1/2-1/2

[Event "MCR_KT11"]
[Site "?"]
[Date "2005.??.??"]
[Round "?"]
[White "Vins, Karel"]
[Black "Svoboda, Frantisek"]
[Result "0-1"]
[WhiteElo "1621"]
[BlackElo "2000"]
[PlyCount "60"]
[EventDate "2005.??.??"]
[EventType "corr"]
[EventRounds "2"]
[SourceDate "2005.10.20"]

1. d4 Nf6 2. c4 e6 3. Nc3 Bb4 4. Qc2 d6 5. a3 Bxc3+ 6. Qxc3 b6 7. f3 Bb7 8. e4
Nbd7 9. Ne2 h6 10. b4 O-O 11. h3 Nh5 12. Be3 f5 13. e5 f4 14. Bf2 dxe5 15. dxe5
Qg5 16. O-O-O Rfd8 17. Kb2 a5 18. Rg1 axb4 19. axb4 c5 20. b5 Nxe5 21. Rxd8+
Rxd8 22. Nc1 Ng3 23. Bxg3 fxg3 24. Bd3 Nxd3+ 25. Nxd3 Qe3 26. Rd1 Bxf3 27. Rd2
Bxg2 28. Rxg2 Rxd3 29. Qc2 Qd4+ 30. Kb1 Rd1+ 0-1

[Event "MCR_KT11"]
[Site "?"]
[Date "2005.??.??"]
[Round "?"]
[White "Kudr, Roman"]
[Black "Vins, Karel"]
[Result "1-0"]
[WhiteElo "1987"]
[BlackElo "1621"]
[PlyCount "53"]
[EventDate "2005.??.??"]
[EventType "corr"]
[EventRounds "2"]
[SourceDate "2005.10.20"]

1. d4 d5 2. c4 c6 3. e3 e6 4. Nf3 g6 5. Nbd2 Bg7 6. Bd3 Nd7 7. O-O Ne7 8. Re1
O-O 9. b3 Re8 10. Bb2 Nf8 11. Qe2 f5 12. Ne5 Bxe5 13. dxe5 Kf7 14. Red1 h5 15.
Nf3 Nh7 16. Rac1 Rg8 17. e4 Bd7 18. exd5 cxd5 19. Bd4 a6 20. Be3 Nc6 21. a3 Qe7
22. b4 Nd8 23. cxd5 exd5 24. Rc7 Qe6 25. Nd4 Qe8 26. Nxf5 gxf5 27. Qxh5+ 1-0

[Event "MCR_KT11"]
[Site "?"]
[Date "2005.??.??"]
[Round "?"]
[White "Svoboda, Frantisek"]
[Black "Kubacek, Josef"]
[Result "1-0"]
[WhiteElo "2000"]
[BlackElo "1600"]
[PlyCount "85"]
[EventDate "2005.??.??"]
[EventType "corr"]
[EventRounds "2"]
[SourceDate "2005.10.20"]

1. g3 e5 2. Nf3 Nc6 3. d4 e4 4. Ne5 d5 5. Nxc6 bxc6 6. Bg2 f5 7. O-O c5 8. c4
c6 9. Nc3 Be6 10. cxd5 cxd5 11. b3 a6 12. e3 Nf6 13. Ba3 Qa5 14. Bb2 cxd4 15.
Qxd4 Ba3 16. Ne2 Bxb2 17. Qxb2 Kf7 18. Nd4 Bd7 19. Rfd1 Rhc8 20. Bf1 g6 21. b4
Qc7 22. a4 Qe5 23. b5 a5 24. Rac1 Rcb8 25. Rc5 Rb6 26. Rdc1 Ra7 27. Qa2 Kg7 28.
Bc4 Rd6 29. Nc6 Bxc6 30. bxc6 Rd8 31. Rb5 Qd6 32. Be2 Rc8 33. Rb6 d4 34. Ba6
Rcc7 35. Qb2 d3 36. Bb7 Kh6 37. Rb5 Kg5 38. Qd2 Qa3 39. Rc4 Ne8 40. Rxe4 Nd6
41. Re6 Rcxb7 42. e4+ Kh5 43. Rxf5+ 1-0